00627nam a2200157Ia 4500008004100000100002100041245007600062245010800138260004900246260000900295300001200304650001300316856004800329999001900377952007300396170221s9999 xx 000 0 und d aMostafa M. Maksy aWhich free cash flow is value relevant? The case of the energy industry cMostafa M. Maksy, Kutztown University of Pennsylvania; Gary T. Chen, University of Illinois at Chicago. bJournal of Management and Marketing Research c2016 a15 : 22 xBusiness uhttp://www.aabri.com/manuscripts/131529.pdf c311793d311793 001040aCLbCLd2017-02-21l0r2017-02-21 00:00:00w2017-02-21yFOJ